• 首页
  • 本馆介绍
  • 公告通知
  • 最新文献
  • 馆藏检索
  • 电子资源
  • 读者导购
  • 参考咨询
  • 我的图书馆
  • 登录
  • 详细信息显示
  • 放入我的书架
  • 预约/预借图书
  • 作者相关作品
  • 分类相关作品
  • 丛书相关作品
  • 出版社相关作品

书目信息

  • 表格格式
  • 工作单格式
  • 卡片格式
题名:
机器翻译研究
    
 
作者: 冯志伟 著
分册:  
出版信息: 北京   中国对外翻译出版公司  2004
页数: 20,841页
开本: 21cm
丛书名: 翻译理论与实务丛书
单 册:
中图分类: H085
科图分类:
主题词: 机器翻译--研究 , 机器翻译
电子资源:
ISBN: 7-5001-1274-2
000 00833oam2 2200265 450
001 002833169
005 20061112143559.04
010    @a7-5001-1274-2@dCNY54.00
100    @a20050404d2004 emky0chiy0110 ea
101 0  @achi
102    @aCN@b110000
105    @ay z 000yy
200 1  @a机器翻译研究@9ji qi fan yi yan jiu@f冯志伟著
210    @a北京@c中国对外翻译出版公司@d2004
215    @a20,841页@d21cm
225 2  @a翻译理论与实务丛书@i科学翻译研究卷
300    @a“十五”国家重点图书
330    @a本书系统介绍机器翻译的历史和现状、各种类型的机器翻译系统、机器翻译的实现过程,着重介绍机器翻译的方法等。
462  0 @12001 @a科学翻译研究卷
606 0  @a机器翻译@x研究
606 0  @a机器翻译
690    @aH085@v4
701  0 @a冯志伟@9feng zhi wei@f(1938~)@4著
801  0 @aCN@bNLC@c20061112
905    @a10447@dH085@e116
    
    机器翻译研究/冯志伟著.-北京:中国对外翻译出版公司,2004
    20,841页;21cm.-(翻译理论与实务丛书.科学翻译研究卷)
    “十五”国家重点图书
    
    ISBN 7-5001-1274-2:CNY54.00
    本书系统介绍机器翻译的历史和现状、各种类型的机器翻译系统、机器翻译的实现过程,着重介绍机器翻译的方法等。
●
相关链接 在E读中查询图书 在五车中查询图书 在当当中查询图书 在豆瓣中查询图书


正题名:机器翻译研究     索取号:H085/116         预约/预借

序号 登录号 条形码 馆藏地/架位号 状态 备注
1 0384485   203844858   第二样本阅览室/ [索取号:H085/116] 在馆    
2 0384486   203844867   第四借阅区/ [索取号:H085/116] 在馆    
3 0384487   203844876   第四借阅区/ [索取号:H085/116] 在馆    
4 0384488   203844885   第四借阅区/ [索取号:H085/116] 在馆    
5 0384489   203844894   第四借阅区/ [索取号:H085/116] 在馆    
唐山师范学院图书馆 欢迎您!
大连网信软件有限公司© 版权所有